000 00457nam a22001337a 4500
082 _a388.312
_bWEI
_cD
100 _aMonton I Weinberg
_938669
245 _aApplication of vehicle operating characteristics to geometric design and traffic conditions
260 _aNew York
_bHighway Research Board National Academy of Science
_cc1969
300 _a38 p. :
_bill
_c24 cm
526 _a0
_b0
_c0
_d388_312000000000000_WEI
650 _aMCE
_9379
942 _2ddc
_cBK
999 _c543302
_d543302